Soccer training programme
| Main Author: | |
|---|---|
| Format: | Book |
| Published: |
Great Britain :
Pelham Books
1982
|
| Subjects: |
MARC
| LEADER | 00000cam a2200000 7i4500 | ||
|---|---|---|---|
| 001 | 0000010207 | ||
| 005 | 20200814.0 | ||
| 020 | |a 0720714397 | ||
| 040 | |a INS | ||
| 090 | 0 | 0 | |a GV943.8. |b M477 1982 |
| 100 | 1 | |a Mazzei, Julio | |
| 245 | 1 | 0 | |a Soccer training programme |c Julio Mazzei |
| 264 | 1 | |a Great Britain : |b Pelham Books |c 1982 | |
| 650 | 0 | 0 | |a Soccer |x Training |
| 999 | |a 0000001307 |b BOOK |c Open Shelf |e Default branch | ||